000 00750nam a2200265Ia 4500
001 Para_3532
003 CHAP
008 220125s1954 xx 000 0 und d
010 _a202056
040 _cCHAP
090 _aPA FOLLETO 1128
100 _aBlanchard, Everard E
_913061
245 _aSinopsis de los agromízidos argentinos (Díptera, Agromizidae) /
_c por Everard E. Blanchard
260 _aBuenos Aires :
_b Ministerio de Agricultura y Ganadería
300 _a52 p.
440 _aSerie A; 56)
_9167033
650 _aAgromyza
_92188
901 _aPA FOLLETO 1128
902 _aA
905 _a0000001954 BUE 0000000000 00
910 _a1954
942 _cPARA
942 _cPARA
_d1
999 _c202056
_d202056